Truyện cổ dân tộc Dao

محفوظ في:
التفاصيل البيبلوغرافية
المؤلف الرئيسي: Bàn Thị Ba
التنسيق: كتاب
اللغة:Vietnamese
منشور في: H. Khoa học xã hội 2015
الموضوعات:
الوسوم: إضافة وسم
لا توجد وسوم, كن أول من يضع وسما على هذه التسجيلة!
Thư viện lưu trữ: Mạng thư viện Đại học Đà Nẵng
LEADER 01211aam a22003618a 4500
001 000023647
003 20100
005 20160505090513.0
008 160114s2015 viesd
020 |d 2000b 
041 0 |a vie 
082 0 4 |2 23  |a 398.209597  |b BA-B 
100 1 |a Bàn Thị Ba 
245 1 0 |a Truyện cổ dân tộc Dao  |c Bàn Thị Ba 
260 |a H.  |b Khoa học xã hội  |c 2015 
300 |a 302 tr.  |c 21 cm. 
500 |a ĐTTS ghi: Hội Văn nghệ Dân gian Việt Nam 
650 0 4 |2 Bộ TK TVQG  |a Văn học dân gian  |x Dân tộc Dao  |z Việt Nam 
650 7 |2 Bộ TK TVQG 
651 7 |2 Bộ TK TVQG  |a Việt Nam 
653 |a Dân tộc Dao 
653 |a Văn học dân gian 
655 7 |2 Bộ TK TVQG  |a Truyện cổ 
OWN |a LSP 
AVA |a UDN50  |b LSP  |d 398.209597 BA-B  |e available  |t Error 5001 Not defined in file expand_doc_bib_avail.  |f 1  |g 0  |h N  |i 0  |k 1 
999 |a From the UDN01 
AVA |a UDN50  |b LSP  |d 398.209597 BA-B  |e available  |t Error 5001 Not defined in file expand_doc_bib_avail.  |f 1  |g 0  |h N  |i 0  |k 1 
TYP |a Monograph 
TYP |a Printed language 
980 |a Mạng thư viện Đại học Đà Nẵng